Úverové produkty vybraných KB pre mestá a obce bakalárska práca

Gespeichert in:
Bibliographische Detailangaben
1. Verfasser: Kubinová, Ľubica
Körperschaft: Národohospodárska fakulta EU. Katedra bankovníctva a medzinárodných financií
Weitere Verfasser: Moravová, Julianna
Format: Buch
Sprache:Slowakisch
Veröffentlicht: Bratislava 2010
Tags: Tag hinzufügen
Keine Tags, Fügen Sie das erste Tag hinzu!

MARC

LEADER 00000nbm a2200000 4500
001 0132951
005 20161109111456.4
041 0 |a slo 
044 |a SK 
245 1 0 |a Úverové produkty vybraných KB pre mestá a obce  |b bakalárska práca  |c Ľubica Kubinová ; školiteľ: Julianna Moravová 
264 1 |a Bratislava  |c 2010 
300 |a 33 s. 
100 1 |a Kubinová, Ľubica 
700 1 |a Moravová, Julianna 
710 2 |a Národohospodárska fakulta EU. Katedra bankovníctva a medzinárodných financií